La formación de la Tierra Media: El Quenta, El Ambarkanta y Los Aanales, junto con el primer Silmarillion y el primer Mapa

Guardat en:
Dades bibliogràfiques
Autor principal: Tolkien, J. R. R (Autor)
Format: Llibre
Idioma:espanyol
Publicat: Barcelona Minotauro 1998
Edició:1a. ed
Col·lecció:Historia de la Tierra Media, 4
Matèries:
Etiquetes: Afegir etiqueta
Sense etiquetes, Sigues el primer a etiquetar aquest registre!

MARC

LEADER 00000nam a2200000 a 4500
001 UCJ1053
003 CL-VaPUC
008 060929e19980000SP |||||||||||||||||spa|d
020 |a 8445071742 
082 0 4 |a 823  |b TOL  |2 21 
100 0 |a Tolkien, J. R. R  |e author  |9 501577 
245 1 3 |a La formación de la Tierra Media: El Quenta, El Ambarkanta y Los Aanales, junto con el primer Silmarillion y el primer Mapa 
250 |a 1a. ed 
300 |a 433 p 
942 |c BK 
945 |d 20060929 00:00:00  |a cmena 
260 |a Barcelona  |b Minotauro  |c 1998 
650 0 |a Novelas inglesas  |9 265220 
650 0 |a Literatura inglesa  |9 312907 
650 0 |a Mitología   |9 255719 
583 |a last modification  |c 20060929 00:00:00  |k Rodrigo Vera 
490 0 |a Historia de la Tierra Media, 4 
999 |c 317774  |d 317772 
952 |0 0  |1 0  |4 0  |6 823_000000000000000_TOL_1998  |7 0  |8 A  |9 394685  |a BIBGIM  |b BIBGIM  |d 2019-11-22  |i 4224361  |o 823 TOL 1998  |p 4224361  |r 2025-01-15  |w 2019-11-22  |y BK  |k EST